| 000 | 005200000a22001570004500 | ||
|---|---|---|---|
| 003 | MACL | ||
| 005 | 20170818124650.0 | ||
| 008 | 170818b xxu||||| |||| 00| 0 eng d | ||
| 040 | _cmacl | ||
| 100 |
_aपराशर,इन्दु _968704 |
||
| 245 | _aप्राकृतिक सम्पदा और पर्यावरण | ||
| 260 |
_bयुगबोध साहित्य _c2001 _aदिल्ली |
||
| 350 | _a200 | ||
| 650 |
_aपर्यावरण _936465 |
||
| 942 |
_cHIN _k333 _2ddc |
||
| 999 |
_c9640 _d9640 |
||